00939nam a2200205 a 450000100100000000500170001000800410002702000150006804000250008310000440010824501270015226000620027930000330034149000680037450000210044250400730046383000750053695201050061199900170071600004125420201002034729.0130927s1984 sp 001 0 spa d a8400056884 aDO-SdBNPbspacBNPHU1 aCarderon Quijano, José Antonio96785314aLas defensas indianas en la recopilación de 1680 :bprecedentes y regulación legal /cJosé Antonio Carderon Quijano. aSevilla :bEscuela de Estudios Hispano-Americanos,c1984. a220 [18] p. :bil. ;c25 cm.1 aPublicaciones de la Escuela de Estudios Hispano-Americanosv294 aIncluye índice aIncluye referencias bibliográficas y notas al pie de las páginas 0aPublicaciones de la Escuela de Estudios Hispano-Americanosn294967854 001050718MOaGRbGRcCTd2013-09-27iLF1l0o p41254-10r2020-06-25w2020-06-25y1ZNo se presta c40744d40744